00502nmm a2200169Ia 4500008004100000020001800041041000800059100002000067245004100087264005600128300001800184490003200202650002300234856005100257942000700308999001700315251105s9999||||xx |||||||||||||||||und|| a9789562829618 aspa aCastro, Rodrigo 0aFoucault y el cuidado de la libertad a[Santiago de Chile, Chile] :bLOM Ediciones, c2008 a535 páginas aCiencias Sociales y Humanas aPhilosophy, Ethics uhttps://public.digitaliapublishing.com/a/13240 cCF c94333d94333